[Event "Paris-ch 92nd"]
[Site "Paris"]
[Date "2017.07.21"]
[Round "8"]
[White "Sohier, Julien"]
[Black "Carpentier, Pierre"]
[Result "1-0"]
[WhiteElo "2289"]
[BlackElo "2214"]
[PlyCount "71"]
[EventDate "2017.07.14"]
[EventType "swiss"]
[EventRounds "9"]
[EventCountry "FRA"]
[SourceTitle "EXT 2018"]
[Source "ChessBase"]
[SourceDate "2017.10.13"]
[SourceVersion "1"]
[SourceVersionDate "2017.10.13"]
[SourceQuality "1"]

1. e4 e6 2. d4 d5 3. Bd3 dxe4 4. Bxe4 Nf6 5. Bf3 c5 6. Ne2 Nc6 7. Be3 Qc7 8. Nbc3 cxd4 9. Nxd4 Nxd4 10. Qxd4 e5 11. Nd5 Nxd5 12. Qxd5 Bd7 13. Qxb7 Qxb7 14. Bxb7 Rb8 15. Bd5 a5 16. 0-0-0 Bb5 17. Rhe1 Be7 18. Ba7 Rc8 19. Rxe5 f6 20. Bf7+ Kxf7 21. Rxb5 Rc7 22. Rxa5 Rhc8 23. c3 Bb4 24. Ra4 Rb7 25. Be3 Rcc7 26. Kc2 Kg6 27. a3 Be7 28. Rd5 Kf7 29. Rda5 Rc6 30. Ra6 Rc8 31. Ra7 Rb5 32. Re4 Re8 33. a4 Rh5 34. g4 Re5 35. Rxe5 fxe5 36. Bg5 1-0

[Event "Paris-ch 92nd"]
[Site "Paris"]
[Date "2017.07.18"]
[Round "5"]
[White "Iglesias, Yosha"]
[Black "Carpentier, Pierre"]
[Result "1/2-1/2"]
[WhiteElo "2256"]
[BlackElo "2214"]
[PlyCount "62"]
[EventDate "2017.07.14"]
[EventType "swiss"]
[EventRounds "9"]
[EventCountry "FRA"]
[SourceTitle "EXT 2018"]
[Source "ChessBase"]
[SourceDate "2017.10.13"]
[SourceVersion "1"]
[SourceVersionDate "2017.10.13"]
[SourceQuality "1"]

1. d4 Nf6 2. Nf3 g6 3. Bf4 Bg7 4. e3 d6 5. h3 0-0 6. Be2 c5 7. c3 Nbd7 8. 0-0 b6 9. Nbd2 Bb7 10. Re1 Rc8 11. a4 cxd4 12. exd4 Nd5 13. Bh2 Bh6 14. Bf1 a6 15. h4 N5f6 16. Ng5 Bg7 17. Bd3 h6 18. Ngf3 Re8 19. Nc4 Rc7 20. Nfd2 Qa8 21. f3 Rcc8 22. Qe2 Bc6 23. Qf1 a5 24. Qf2 Qa7 25. Re2 Nf8 26. Nf1 Rb8 27. Ng3 Qd7 28. Bc2 Qc7 29. Na3 Qd7 30. Nc4 Qc8 31. Bd3 Qd7 1/2-1/2

[Event "Aix les Bains op 1st"]
[Site "Aix les Bains"]
[Date "2014.08.10"]
[Round "4"]
[White "Carpentier, Pierre"]
[Black "Guidarelli, Laurent"]
[Result "0-1"]
[WhiteElo "2242"]
[BlackElo "2498"]
[PlyCount "116"]
[EventDate "2014.08.10"]
[EventType "swiss"]
[EventRounds "7"]
[EventCountry "FRA"]
[SourceTitle "CBM 161 Extra"]
[Source "ChessBase"]
[SourceDate "2014.08.29"]
[SourceVersion "1"]
[SourceVersionDate "2014.08.29"]
[SourceQuality "1"]

1. d4 f5 2. Nf3 e6 3. Bf4 Nf6 4. e3 b6 5. Bd3 Bb7 6. h3 Be7 7. c4 0-0 8. Nc3 Bb4 9. Rc1 Ne4 10. 0-0 Bxc3 11. bxc3 d6 12. Bxe4 fxe4 13. Ng5 Qe7 14. Qg4 Re8 15. h4 Nd7 16. Rfd1 Nf6 17. Qe2 Ba6 18. Bg3 d5 19. Rd2 Bxc4 20. Qd1 Rac8 21. f3 h6 22. Nh3 Nh5 23. Qe1 Rf8 24. Nf4 Nxf4 25. Bxf4 Kh7 26. Qg3 Rf5 27. Be5 Rh5 28. fxe4 Rxh4 29. exd5 exd5 30. Rf2 Re4 31. Rf5 Bd3 32. Rd1 Be2 33. Rd2 Bg4 34. Rf1 Be6 35. Rdf2 Rg4 36. Qf3 Qg5 37. Qe2 h5 38. Rf3 Qg6 39. Qf2 c5 40. Kh1 c4 41. Rf4 b5 42. a3 Rd8 43. Qb2 a6 44. a4 Rxf4 45. Rxf4 Qe8 46. axb5 axb5 47. Qa3 Ra8 48. Qd6 Ra2 49. Rf3 Qg6 50. Rg3 Bg4 51. Qe7 Rb2 52. e4 dxe4 53. d5 e3 54. Rxe3 Bf3 55. Qxg7+ Qxg7 56. Bxg7 Bxg2+ 57. Kg1 Kxg7 58. Rg3+ Kf6 0-1

[Event "Aix les Bains op 1st"]
[Site "Aix les Bains"]
[Date "2014.08.10"]
[Round "7"]
[White "Lamb, Harry M"]
[Black "Carpentier, Pierre"]
[Result "1/2-1/2"]
[WhiteElo "1987"]
[BlackElo "2242"]
[PlyCount "113"]
[EventDate "2014.08.10"]
[EventType "swiss"]
[EventRounds "7"]
[EventCountry "FRA"]
[SourceTitle "CBM 161 Extra"]
[Source "ChessBase"]
[SourceDate "2014.08.29"]
[SourceVersion "1"]
[SourceVersionDate "2014.08.29"]
[SourceQuality "1"]

1. Nf3 Nf6 2. g3 g6 3. Bg2 Bg7 4. 0-0 0-0 5. c4 d6 6. d4 Nbd7 7. Nc3 e5 8. b3 Re8 9. Qc2 a6 10. Rd1 Qe7 11. dxe5 dxe5 12. e4 c6 13. a4 a5 14. Ba3 Nc5 15. Ne1 Nfd7 16. Nd3 Bf8 17. Rd2 Qf6 18. Nxc5 Nxc5 19. Nd1 Ne6 20. Bxf8 Rxf8 21. Ne3 Nd4 22. Qc3 Rd8 23. Rad1 Be6 24. Rb2 h5 25. h4 Kg7 26. Rdd2 g5 27. hxg5 Qxg5 28. Nf1 Qf6 29. Nh2 Bg4 30. Qe3 Rd7 31. f3 Be6 32. f4 Bg4 33. Nf3 Bxf3 34. Bxf3 h4 35. Bg4 Rdd8 36. fxe5 Qxe5 37. gxh4 Kh7 38. Rg2 Rg8 39. Rbf2 Rg7 40. Bf5+ Nxf5 41. Rxf5 Qa1+ 42. Kh2 Rxg2+ 43. Kxg2 Rg8+ 44. Rg5 Qb2+ 45. Kh3 Rxg5 46. hxg5 Kg6 47. Kg4 Qg2+ 48. Kh4 Qh2+ 49. Kg4 Qh5+ 50. Kg3 Qxg5+ 51. Qxg5+ Kxg5 52. Kf3 c5 53. Kg3 Kf6 54. Kf4 Ke6 55. e5 f5 56. exf6 Kxf6 57. Ke4 1/2-1/2

[Event "Paris-ch op-FIDE 89th"]
[Site "Paris"]
[Date "2014.07.13"]
[Round "9"]
[White "Adam, Etienne"]
[Black "Carpentier, Pierre"]
[Result "0-1"]
[WhiteElo "2244"]
[BlackElo "2217"]
[PlyCount "72"]
[EventDate "2014.07.05"]
[EventType "swiss"]
[EventRounds "9"]
[EventCountry "FRA"]
[SourceTitle "CBM 161 Extra"]
[Source "ChessBase"]
[SourceDate "2014.08.29"]
[SourceVersion "1"]
[SourceVersionDate "2014.08.29"]
[SourceQuality "1"]

1. e4 e6 2. f4 b6 3. Nf3 Bb7 4. d3 c5 5. g3 d5 6. Qe2 Be7 7. Nc3 Nc6 8. Bg2 dxe4 9. Nxe4 Nf6 10. 0-0 0-0 11. Bd2 Nxe4 12. Qxe4 Rb8 13. Qe3 Bf6 14. c3 Qd6 15. Rfe1 Rfd8 16. Bf1 Ne7 17. Red1 Nf5 18. Qf2 Qd5 19. Be2 a5 20. Be3 a4 21. a3 Rbc8 22. Rd2 h6 23. h3 e5 24. Kh2 exf4 25. Bxf4 g5 26. g4 gxf4 27. gxf5 Kh7 28. Rg1 Rg8 29. Rdd1 Rg3 30. Rxg3 fxg3+ 31. Qxg3 Rg8 32. Qf4 Be5 33. Qxe5 Qxe5+ 34. Nxe5 Rg2+ 35. Kh1 Rxe2+ 36. Kg1 Rxe5 0-1

[Event "Paris-ch op-FIDE 89th"]
[Site "Paris"]
[Date "2014.07.06"]
[Round "2"]
[White "Carpentier, Pierre"]
[Black "Guliyev, Namig"]
[Result "0-1"]
[WhiteElo "2217"]
[BlackElo "2557"]
[PlyCount "120"]
[EventDate "2014.07.05"]
[EventType "swiss"]
[EventRounds "9"]
[EventCountry "FRA"]
[SourceTitle "CBM 161 Extra"]
[Source "ChessBase"]
[SourceDate "2014.08.29"]
[SourceVersion "1"]
[SourceVersionDate "2014.08.29"]
[SourceQuality "1"]

1. d4 d5 2. Nf3 Nf6 3. Bf4 c5 4. e3 Nc6 5. c3 Qb6 6. Qb3 c4 7. Qc2 Bf5 8. Qc1 h6 9. h3 e6 10. Nbd2 Be7 11. Be2 0-0 12. 0-0 Qd8 13. Ne5 Nxe5 14. Bxe5 b5 15. a3 Nd7 16. Bg3 Qb6 17. Re1 Bh7 18. Bd1 a5 19. e4 dxe4 20. Nxe4 Rac8 21. Bc2 Qc6 22. Nd2 Bxc2 23. Qxc2 Nb6 24. Be5 Rfd8 25. Re4 Nd5 26. Rg4 Bf8 27. Re1 b4 28. axb4 axb4 29. Nf3 bxc3 30. bxc3 Ra8 31. Qd2 Kh7 32. Bf4 Nf6 33. Ne5 Qb7 34. Qc2+ Kg8 35. Rb1 Qd5 36. Rg3 Nh5 37. Rf3 Bd6 38. Bh2 Ra7 39. Qe2 Rda8 40. Re1 Ra2 41. Qf1 Nf6 42. Nxc4 Bxh2+ 43. Kxh2 Ne4 44. Kg1 Qb7 45. Qd3 f5 46. Ne5 Rd2 47. Qc4 Qc8 48. Nc6 Kh7 49. Qb5 Raa2 50. Ne7 Qa8 51. Rxf5 Nd6 52. Qe5 Nxf5 53. Nxf5 exf5 54. Qxf5+ Kh8 55. Qf7 Re2 56. Rf1 Ra1 57. Rxa1 Qxa1+ 58. Kh2 Qb1 59. d5 Kh7 60. d6 Rd2 0-1

[Event "FRA-ch Accession"]
[Site "Nimes"]
[Date "2009.08.15"]
[Round "5"]
[White "Velten, Paul"]
[Black "Carpentier, Pierre"]
[Result "1/2-1/2"]
[WhiteElo "2153"]
[BlackElo "2247"]
[PlyCount "109"]
[EventDate "2009.08.11"]
[EventType "swiss"]
[EventRounds "9"]
[EventCountry "FRA"]
[SourceTitle "CBM 132 Extra"]
[Source "ChessBase"]
[SourceDate "2009.11.03"]
[SourceVersion "1"]
[SourceVersionDate "2009.11.03"]
[SourceQuality "1"]

1. d4 Nf6 2. Nf3 g6 3. Bg5 Bg7 4. Nbd2 c5 5. e3 cxd4 6. exd4 0-0 7. Bd3 Nc6 8. 0-0 d5 9. c3 h6 10. Bh4 Bg4 11. Re1 e6 12. Qb3 Na5 13. Qa4 Bxf3 14. Nxf3 a6 15. Qc2 Rc8 16. Ne5 Nc6 17. Qd2 Re8 18. a4 Na5 19. Qc2 Nc6 20. Qd2 Na5 21. Qc2 Nc6 22. Nxf7 Kxf7 23. Bxg6+ Kg8 24. Bxe8 Qxe8 25. Bxf6 Bxf6 26. Qe2 Nd8 27. Qg4+ Kh7 28. Re3 Qg6 29. Qe2 Rc7 30. f4 Rg7 31. Kh1 Qf5 32. g3 h5 33. Rg1 Kg8 34. Re1 Rg6 35. Rxe6 Nxe6 36. Qxe6+ Qxe6 37. Rxe6 Kf7 38. Rd6 h4 39. Kg2 hxg3 40. hxg3 Be7 41. Rxd5 Rb6 42. b4 Rc6 43. Rd7 b5 44. axb5 axb5 45. d5 Rd6 46. Rxd6 Bxd6 47. Kf3 Kf6 48. Ke4 Kg6 49. Kd4 Kf5 50. c4 bxc4 51. b5 Kg4 52. b6 Kxg3 53. f5 Kf4 54. f6 Kf5 55. Kxc4 1/2-1/2

[Event "FRA-chT Top 16 GpA"]
[Site "France"]
[Date "2009.05.03"]
[Round "7"]
[White "Riff, Jean Noel"]
[Black "Carpentier, Pierre"]
[Result "1-0"]
[WhiteElo "2507"]
[BlackElo "2235"]
[PlyCount "61"]
[EventDate "2009.03.20"]
[EventType "team"]
[EventRounds "7"]
[EventCountry "FRA"]
[SourceTitle "CBM 129 Extra"]
[Source "ChessBase"]
[SourceDate "2009.05.05"]
[SourceVersion "2"]
[SourceVersionDate "2009.05.20"]
[SourceQuality "1"]

1. e4 e6 2. d4 d5 3. Nc3 Bb4 4. e5 Ne7 5. a3 Bxc3+ 6. bxc3 c5 7. Qg4 Qc7 8. Qxg7 Rg8 9. Qxh7 cxd4 10. Ne2 Nbc6 11. f4 dxc3 12. Qd3 d4 13. Ng3 Bd7 14. Ne4 0-0-0 15. Nd6+ Kb8 16. Rb1 Bc8 17. Nxf7 Rdf8 18. Nd6 Nf5 19. Nxf5 Rxf5 20. g3 Qh7 21. Bg2 Qd7 22. Be4 Rf7 23. a4 b6 24. Ba3 Bb7 25. Bd6+ Ka8 26. 0-0 Rh8 27. a5 Nxa5 28. Rxb6 Bd5 29. Rb5 Bxe4 30. Qxe4+ Qc6 31. Rfb1 1-0

[Event "Paris-ch op"]
[Site "Paris"]
[Date "2008.07.05"]
[Round "8"]
[White "Carpentier, Pierre"]
[Black "Sohier, Julien"]
[Result "1/2-1/2"]
[WhiteElo "2213"]
[BlackElo "2270"]
[PlyCount "86"]
[EventDate "2008.06.28"]
[EventType "swiss"]
[EventRounds "9"]
[EventCountry "FRA"]
[SourceTitle "EXT 2009"]
[Source "ChessBase"]
[SourceDate "2008.11.26"]
[SourceVersion "1"]
[SourceVersionDate "2008.11.26"]
[SourceQuality "1"]

1. d4 d5 2. Nc3 Nf6 3. Bf4 c6 4. e3 Bf5 5. Bd3 Bxd3 6. Qxd3 e6 7. Nge2 Nbd7 8. h3 Be7 9. g4 Qa5 10. f3 0-0-0 11. a3 h5 12. Kf2 hxg4 13. hxg4 Rxh1 14. Rxh1 Nf8 15. b4 Qxa3 16. b5 c5 17. Nxd5 Qxd3 18. Nxe7+ Kd7 19. cxd3 cxd4 20. Nxd4 Kxe7 21. Ra1 Nd5 22. Bg3 Nb4 23. Rxa7 Nxd3+ 24. Ke2 Nc1+ 25. Kd1 Nb3 26. Rxb7+ Kf6 27. Kc2 Nxd4+ 28. exd4 Rxd4 29. b6 e5 30. Rc7 Ne6 31. Rc3 Rb4 32. Bf2 Ke7 33. Ra3 Nd4+ 34. Bxd4 exd4 35. Ra7+ Ke6 36. Rb7 g5 37. Kd3 f5 38. Rh7 fxg4 39. fxg4 Ke5 40. b7 Kf4 41. Rd7 Kf3 42. Rd5 Rxb7 43. Rxg5 Kf4 1/2-1/2

[Event "Paris-ch op"]
[Site "Paris"]
[Date "2008.07.04"]
[Round "7"]
[White "Pile, Richard"]
[Black "Carpentier, Pierre"]
[Result "1-0"]
[WhiteElo "2318"]
[BlackElo "2213"]
[PlyCount "91"]
[EventDate "2008.06.28"]
[EventType "swiss"]
[EventRounds "9"]
[EventCountry "FRA"]
[SourceTitle "EXT 2009"]
[Source "ChessBase"]
[SourceDate "2008.11.26"]
[SourceVersion "1"]
[SourceVersionDate "2008.11.26"]
[SourceQuality "1"]

1. e4 e6 2. d4 d5 3. Nc3 Bb4 4. e5 Ne7 5. a3 Bxc3+ 6. bxc3 c5 7. Qg4 Qc7 8. Qxg7 Rg8 9. Qxh7 cxd4 10. Ne2 Nbc6 11. f4 dxc3 12. Qd3 d4 13. Ng3 Bd7 14. Ne4 0-0-0 15. Nd6+ Kb8 16. Rb1 Bc8 17. Nxf7 Rd5 18. h4 Nf5 19. Ng5 Nxe5 20. fxe5 Rxe5+ 21. Kd1 Ne3+ 22. Bxe3 dxe3 23. Qc4 Rd8+ 24. Ke1 Qd6 25. Bd3 Rxg5 26. hxg5 Qg3+ 27. Kd1 Qxg2 28. Qf4+ e5 29. Qxe5+ Ka8 30. Qh2 e2+ 31. Ke1 Qxg5 32. Qxe2 Qg3+ 33. Qf2 Re8+ 34. Be2 Qg5 35. Qf3 Qd2+ 36. Kf2 Qd4+ 37. Kf1 Qg7 38. Rh4 Rg8 39. Kf2 Qe7 40. Rbb4 Qc5+ 41. Rbd4 Qg5 42. Bf1 Qg1+ 43. Ke1 Re8+ 44. Rde4 Qg5 45. Kf2 Qc5+ 46. Qe3 1-0

[Event "Paris-ch op"]
[Site "Paris"]
[Date "2008.07.03"]
[Round "6"]
[White "Carpentier, Pierre"]
[Black "Tarasova, Viktoriya"]
[Result "1-0"]
[WhiteElo "2213"]
[BlackElo "2276"]
[PlyCount "41"]
[EventDate "2008.06.28"]
[EventType "swiss"]
[EventRounds "9"]
[EventCountry "FRA"]
[SourceTitle "EXT 2009"]
[Source "ChessBase"]
[SourceDate "2008.11.26"]
[SourceVersion "1"]
[SourceVersionDate "2008.11.26"]
[SourceQuality "1"]

1. d4 d5 2. Nf3 Nf6 3. Bg5 Ne4 4. Bh4 c5 5. e3 Qb6 6. Qc1 cxd4 7. exd4 g5 8. Bg3 g4 9. Ne5 Bh6 10. Bf4 Bxf4 11. Qxf4 f6 12. Nd3 Qxd4 13. f3 e5 14. Qh6 gxf3 15. gxf3 Nc5 16. Nc3 Nba6 17. 0-0-0 Bf5 18. Nb5 Nxd3+ 19. Bxd3 Qc5 20. Bxf5 Qxb5 21. Qxf6 1-0

[Event "Paris-ch op"]
[Site "Paris"]
[Date "2008.07.01"]
[Round "4"]
[White "Lalic, Bogdan"]
[Black "Carpentier, Pierre"]
[Result "1-0"]
[WhiteElo "2514"]
[BlackElo "2213"]
[PlyCount "67"]
[EventDate "2008.06.28"]
[EventType "swiss"]
[EventRounds "9"]
[EventCountry "FRA"]
[SourceTitle "CBM 125 Extra"]
[Source "ChessBase"]
[SourceDate "2008.09.01"]
[SourceVersion "1"]
[SourceVersionDate "2008.09.01"]
[SourceQuality "1"]

1. d4 Nf6 2. c4 Nc6 3. Nc3 e5 4. d5 Ne7 5. Nf3 Ng6 6. h4 h5 7. Bg5 Be7 8. e3 d6 9. Bd3 Nf8 10. c5 Ng4 11. Bxe7 Qxe7 12. cxd6 cxd6 13. Rc1 Nd7 14. Ng5 0-0 15. Be2 Nc5 16. b4 Na6 17. a3 g6 18. Qd2 Nc7 19. f3 Nh6 20. e4 Kg7 21. f4 f6 22. Nf3 Ng4 23. 0-0 Bd7 24. fxe5 fxe5 25. Ng5 Rxf1+ 26. Rxf1 Rf8 27. Rc1 Ne8 28. Bxg4 hxg4 29. Qe3 b6 30. Nd1 Bb5 31. Ne6+ Kg8 32. Nxf8 Qxf8 33. Nf2 Bd7 34. Qg5 1-0

[Event "Paris-ch op"]
[Site "Paris"]
[Date "2008.06.30"]
[Round "3"]
[White "Carpentier, Pierre"]
[Black "Kosteniuk, Alexandra"]
[Result "0-1"]
[WhiteElo "2213"]
[BlackElo "2523"]
[PlyCount "80"]
[EventDate "2008.06.28"]
[EventType "swiss"]
[EventRounds "9"]
[EventCountry "FRA"]
[SourceTitle "CBM 125 Extra"]
[Source "ChessBase"]
[SourceDate "2008.09.01"]
[SourceVersion "1"]
[SourceVersionDate "2008.09.01"]
[SourceQuality "1"]

1. e4 c5 2. Nc3 e6 3. g3 d5 4. d3 d4 5. Nce2 e5 6. Bg2 Nc6 7. f4 h5 8. Nf3 Bg4 9. h3 Bxf3 10. Bxf3 h4 11. g4 exf4 12. Nxf4 Bd6 13. 0-0 Be5 14. Nd5 Qd6 15. Bg2 Nge7 16. a3 Nxd5 17. exd5 Ne7 18. Qf3 f6 19. Bd2 Rd8 20. c4 dxc3 21. Bxc3 0-0 22. Bxe5 fxe5 23. Qe4 Rxf1+ 24. Rxf1 Qxd5 25. Qxd5+ Nxd5 26. Re1 Nf4 27. Rxe5 Rxd3 28. Bxb7 Rd1+ 29. Kh2 Rd2+ 30. Kh1 Rxb2 31. Be4 Re2 32. Bd5+ Kh7 33. Rxe2 Nxe2 34. Bc4 Nf4 35. Bf1 Kg6 36. Kg1 Kf6 37. Kf2 Ke5 38. Ke3 g5 39. a4 a5 40. Kd2 Kd4 0-1

[Event "FRA-chT1B 0708"]
[Site "France"]
[Date "2008.02.09"]
[Round "6.4"]
[White "Cursoux, Laurent"]
[Black "Carpentier, Pierre"]
[Result "1-0"]
[WhiteElo "2243"]
[BlackElo "2168"]
[PlyCount "91"]
[EventDate "2007.10.21"]
[EventType "team"]
[EventRounds "11"]
[EventCountry "FRA"]
[SourceTitle "EXT 2009"]
[Source "ChessBase"]
[SourceDate "2008.11.26"]
[SourceVersion "1"]
[SourceVersionDate "2008.11.26"]
[SourceQuality "1"]
[WhiteTeam "Avignon"]
[BlackTeam "Lutece"]
[WhiteTeamCountry "FRA"]
[BlackTeamCountry "FRA"]

1. c4 Nf6 2. Nc3 g6 3. Nf3 Bg7 4. g3 d6 5. Bg2 0-0 6. 0-0 e5 7. d3 Nc6 8. Rb1 h6 9. b4 a6 10. a4 Be6 11. Ne1 Rb8 12. Nc2 Qd7 13. Nd5 Ne8 14. b5 axb5 15. axb5 Nd8 16. Ncb4 Bh3 17. Qa4 Bxg2 18. Kxg2 Kh7 19. Qa7 Rc8 20. e4 f5 21. exf5 Qxf5 22. Ne7 Qf3+ 23. Kg1 Ne6 24. Qe3 Ra8 25. Qxf3 Rxf3 26. Be3 Rf7 27. Ned5 Bh8 28. Ra1 Rb8 29. Ra7 h5 30. h4 N8g7 31. b6 c5 32. Na6 Rbf8 33. Nac7 Nd8 34. Bg5 Nc6 35. Rxb7 Nf5 36. Ne6 Rxb7 37. Nxf8+ Kg7 38. Ne6+ Kf7 39. Nd8+ Nxd8 40. Bxd8 Ke6 41. Ra1 Kd7 42. Ra8 Bg7 43. Bc7 Nd4 44. Rd8+ Ke6 45. Rxd6+ Kf5 46. Ne3# 1-0

[Event "FRA-chT1B 0708"]
[Site "France"]
[Date "2007.11.25"]
[Round "3.4"]
[White "Esprit, Yohann"]
[Black "Carpentier, Pierre"]
[Result "0-1"]
[WhiteElo "2206"]
[BlackElo "2168"]
[PlyCount "126"]
[EventDate "2007.10.21"]
[EventType "team"]
[EventRounds "11"]
[EventCountry "FRA"]
[SourceTitle "EXT 2009"]
[Source "ChessBase"]
[SourceDate "2008.11.26"]
[SourceVersion "1"]
[SourceVersionDate "2008.11.26"]
[SourceQuality "1"]
[WhiteTeam "Creteil"]
[BlackTeam "Lutece"]
[WhiteTeamCountry "FRA"]
[BlackTeamCountry "FRA"]

1. e4 e6 2. d4 d5 3. Nc3 Bb4 4. Bd3 dxe4 5. Bxe4 Nf6 6. Bd3 0-0 7. Nge2 b6 8. a3 Be7 9. Bg5 Bb7 10. Qd2 Nbd7 11. 0-0-0 c5 12. f3 Rc8 13. h4 cxd4 14. Nxd4 Ne5 15. Nb3 Nxd3+ 16. Qxd3 Qxd3 17. Rxd3 Ba6 18. Rd4 h6 19. Bf4 Bc4 20. Nd2 Bd5 21. Nxd5 Nxd5 22. Nb3 Bf6 23. Re4 Nxf4 24. Rxf4 Rfd8 25. Re4 h5 26. Kb1 Kf8 27. g4 Rd5 28. g5 Be7 29. Rf1 Rcd8 30. Kc1 a5 31. a4 R8d7 32. c3 e5 33. Kc2 f5 34. gxf6 gxf6 35. f4 Kg7 36. fxe5 Rxe5 37. Rxe5 fxe5 38. Rf5 Bf6 39. Rf3 Kg6 40. Nd2 Bxh4 41. Nc4 Re7 42. Re3 e4 43. Nxb6 Bf2 44. Nd5 Bxe3 45. Nxe7+ Kg5 46. Kd1 Kg4 47. Ke2 Bc5 48. Nd5 h4 49. b4 axb4 50. cxb4 Bd4 51. Ne3+ Bxe3 52. Kxe3 h3 53. Kxe4 h2 54. Kd5 h1Q+ 55. Kc5 Qh5+ 56. Kb6 Qh6+ 57. Ka5 Qd2 58. Kb5 Qd5+ 59. Ka6 Qc4+ 60. Ka5 Kf5 61. b5 Ke6 62. b6 Kd7 63. b7 Kc7 0-1

[Event "FRA-chT1B 0708"]
[Site "France"]
[Date "2007.10.21"]
[Round "1.4"]
[White "Bangnoi, Alexandre"]
[Black "Carpentier, Pierre"]
[Result "0-1"]
[WhiteElo "2098"]
[BlackElo "2168"]
[PlyCount "78"]
[EventDate "2007.10.21"]
[EventType "team"]
[EventRounds "11"]
[EventCountry "FRA"]
[SourceTitle "EXT 2009"]
[Source "ChessBase"]
[SourceDate "2008.11.26"]
[SourceVersion "1"]
[SourceVersionDate "2008.11.26"]
[SourceQuality "1"]
[WhiteTeam "Belfort"]
[BlackTeam "Lutece"]
[WhiteTeamCountry "FRA"]
[BlackTeamCountry "FRA"]

1. e4 e6 2. d4 d5 3. e5 c5 4. c3 Qb6 5. Nf3 Bd7 6. Be2 cxd4 7. cxd4 Bb5 8. 0-0 Bxe2 9. Qxe2 Nc6 10. Nc3 a6 11. Be3 Nge7 12. Rad1 Nf5 13. g4 Nxe3 14. fxe3 Be7 15. Rf2 h5 16. g5 f5 17. h4 g6 18. Ne1 Bb4 19. Rc1 Nxd4 20. exd4 Qxd4 21. Ng2 Bc5 22. Nd1 Rc8 23. Kh2 0-0 24. Nf4 Kh7 25. Kh3 Ba7 26. Rc3 Rxc3+ 27. bxc3 Qe4 28. Rf1 Bb8 29. Rf2 Bxe5 30. Qxe4 fxe4 31. Nxe6 Rxf2 32. Nxf2 Bxc3 33. Nf4 e3 34. N2d3 d4 35. Kg3 b5 36. Kf3 a5 37. Ke2 a4 38. Nd5 Ba5 39. N5f4 b4 0-1

[Event "Saint Affrique op 05th"]
[Site "Saint Affrique"]
[Date "1997.??.??"]
[Round "3"]
[White "Carpentier, Pierre"]
[Black "Marciano, David"]
[Result "0-1"]
[WhiteElo "2200"]
[BlackElo "2470"]
[PlyCount "60"]
[EventDate "1997.07.??"]
[EventType "swiss"]
[EventRounds "9"]
[EventCountry "FRA"]
[SourceTitle "EXT 1999"]
[Source "ChessBase"]
[SourceDate "1998.11.16"]
[SourceVersion "1"]
[SourceVersionDate "1998.11.16"]
[SourceQuality "1"]

1. e4 c5 2. Nf3 e6 3. d4 cxd4 4. Nxd4 Nc6 5. Nc3 Qc7 6. f4 a6 7. Nxc6 Qxc6 8. Bd3 Bc5 9. Qe2 b5 10. Bd2 Bb7 11. 0-0-0 Ne7 12. a3 0-0-0 13. Rhe1 g6 14. Be3 Bxa3 15. Bd4 Bd6 16. Qf2 b4 17. Nb5 axb5 18. Bxh8 Rxh8 19. Bxb5 Qxb5 20. Rxd6 Kc7 21. Red1 Rd8 22. Qd2 Bxe4 23. Rd4 Bc6 24. Rxb4 Qc5 25. Rd4 Nd5 26. c4 Nb4 27. Qe3 d6 28. g4 Ra8 29. Kd2 h5 30. Ke2 hxg4 0-1

[Event "FRA-chT U18"]
[Site "France"]
[Date "1996.??.??"]
[Round "?"]
[White "Abello, Sebastien"]
[Black "Carpentier, Pierre"]
[Result "0-1"]
[WhiteElo "2010"]
[BlackElo "2070"]
[PlyCount "128"]
[EventDate "1996.??.??"]
[EventType "team"]
[EventRounds "11"]
[EventCountry "FRA"]
[SourceTitle "EXT 2004"]
[Source "ChessBase"]
[SourceDate "2003.11.25"]
[SourceVersion "1"]
[SourceVersionDate "2003.11.25"]
[SourceQuality "1"]

1. e4 e6 2. d4 d5 3. Nc3 Bb4 4. Nge2 dxe4 5. a3 Be7 6. Nxe4 Nf6 7. N2g3 Nbd7 8. c3 0-0 9. Be3 Nxe4 10. Nxe4 f5 11. Nc5 Bxc5 12. dxc5 f4 13. Bc1 Qf6 14. Qd4 Ne5 15. Bd2 Bd7 16. 0-0-0 Rad8 17. Re1 Ng6 18. Qxf6 Rxf6 19. h4 Rdf8 20. Bd3 Bc6 21. Be4 Bxe4 22. Rxe4 h5 23. g3 fxg3 24. fxg3 Rf3 25. Rxe6 Rxg3 26. Bg5 Nf4 27. Bxf4 Rxf4 28. Re5 Rg2 29. Rxh5 Rff2 30. Rg5 Rc2+ 31. Kb1 Rxb2+ 32. Ka1 Ra2+ 33. Kb1 Rgb2+ 34. Kc1 Rf2 35. Kb1 Rxa3 36. Rhg1 Rb3+ 37. Ka1 Rf7 38. R1g3 Kh7 39. Ka2 Rb5 40. Ka3 Kg8 41. c4 Rb1 42. c6 bxc6 43. Rc5 Rb6 44. Ra5 Rf1 45. Ka2 a6 46. c5 Rb5 47. Rxa6 Rxc5 48. Rg6 Rf4 49. Ra7 Kh7 50. h5 Rxh5 51. Rxc6 Rh2+ 52. Kb3 Rh3+ 53. Kb2 Rf2+ 54. Rc2 Rxc2+ 55. Kxc2 c6 56. Kd2 Rh6 57. Ke3 Rf6 58. Ke4 Kg6 59. Rc7 Re6+ 60. Kf4 Kf6 61. Rc8 g5+ 62. Kg4 Re4+ 63. Kf3 Rf4+ 64. Kg3 Rc4 0-1

[Event "FRA-chT U18"]
[Site "France"]
[Date "1996.??.??"]
[Round "?"]
[White "Carpentier, Pierre"]
[Black "Diaz, Mickael"]
[Result "1-0"]
[WhiteElo "2070"]
[BlackElo "1890"]
[PlyCount "79"]
[EventDate "1996.??.??"]
[EventType "team"]
[EventRounds "11"]
[EventCountry "FRA"]
[SourceTitle "EXT 2004"]
[Source "ChessBase"]
[SourceDate "2003.11.25"]
[SourceVersion "1"]
[SourceVersionDate "2003.11.25"]
[SourceQuality "1"]

1. e4 c5 2. Nc3 Nc6 3. g3 g6 4. Bg2 Bg7 5. d3 e6 6. Be3 d6 7. Qd2 Nge7 8. Bh6 Bxh6 9. Qxh6 Nd4 10. 0-0-0 Qa5 11. Nf3 Nxf3 12. Bxf3 Bd7 13. d4 c4 14. Qf4 Qc7 15. Qf6 Rf8 16. Rhe1 b5 17. Rd2 b4 18. Nd5 exd5 19. exd5 0-0-0 20. Rxe7 c3 21. Rd3 Rde8 22. Bg4 Rxe7 23. Qxe7 cxb2+ 24. Kxb2 Rd8 25. Bxd7+ Rxd7 26. Qe8+ Kb7 27. Rb3 a5 28. a3 Qd8 29. Qxd8 Rxd8 30. axb4 axb4 31. Rxb4+ Kc7 32. Rc4+ Kd7 33. Ra4 Rb8+ 34. Kc3 Rb7 35. Kd3 Kc7 36. c4 Rb3+ 37. Kc2 Rf3 38. c5 Rxf2+ 39. Kc3 f5 40. Ra7+ 1-0

[Event "FRA-chT U18"]
[Site "France"]
[Date "1996.??.??"]
[Round "?"]
[White "Houzelle, Vincent"]
[Black "Carpentier, Pierre"]
[Result "1/2-1/2"]
[WhiteElo "1980"]
[BlackElo "2070"]
[PlyCount "99"]
[EventDate "1996.??.??"]
[EventType "team"]
[EventRounds "11"]
[EventCountry "FRA"]
[SourceTitle "EXT 2004"]
[Source "ChessBase"]
[SourceDate "2003.11.25"]
[SourceVersion "1"]
[SourceVersionDate "2003.11.25"]
[SourceQuality "1"]

1. e4 e6 2. d4 d5 3. Nd2 c5 4. exd5 exd5 5. Bb5+ Nc6 6. Qe2+ Be7 7. dxc5 Nf6 8. Nb3 0-0 9. Nf3 Re8 10. Be3 Ne4 11. Ne5 Qc7 12. Nd3 a6 13. Bxc6 bxc6 14. 0-0 a5 15. f3 Nf6 16. a4 Bf5 17. Qd2 Qa7 18. Ne5 Bd7 19. Qf2 Rab8 20. Bd4 Bf8 21. Qg3 Re6 22. Kh1 Rbe8 23. Nxd7 Nxd7 24. Rfe1 h6 25. Rxe6 Rxe6 26. Re1 Rg6 27. Qf2 Nf6 28. Bxf6 gxf6 29. h4 h5 30. Re8 Kg7 31. Qd4 Qd7 32. Qe3 Qf5 33. Qe2 Qf4 34. Qe1 Rg3 35. Qxa5 Qxh4+ 36. Kg1 Qf4 37. Qe1 Qxf3 38. Qf2 Qg4 39. Nd4 Bxc5 40. c3 Bxd4 41. cxd4 h4 42. Kh2 Rd3 43. a5 Qxd4 44. Qxd4 Rxd4 45. a6 Ra4 46. Ra8 Ra1 47. Kh3 d4 48. Kxh4 d3 49. Rd8 Rxa6 50. Rxd3 1/2-1/2